| 000 | 00528nam a2200193 a 4500 | ||
|---|---|---|---|
| 005 | 20140310183309.0 | ||
| 008 | 050909s19uu xx 00 eng d | ||
| 020 | _a9812549137 | ||
| 050 |
_aRT 48.6 _b.R62 2005 |
||
| 100 | _aRoe, Sue | ||
| 245 |
_aDelmar's clinical nursing skills & concepts / _cSue Roe. |
||
| 260 |
_aAustralia : _bThomson Delmar Learning, _c2005. |
||
| 300 |
_a1003 p. : _c25 cm. |
||
| 521 | _aNUR | ||
| 650 | _aNursing. | ||
| 650 | _aNursing Process. | ||
| 650 | _aNursing Care. | ||
| 942 |
_cBK _2lcc _kFOR |
||
| 999 |
_c21114 _d21114 |
||